000 01111nam0a22003131 4500
001 rc\2995157
005 20250806211527.0
035 _a(NLR Aleph) 007138929
090 _a70366
_c70366
100 _a20110916d1945 u y0rusy50 ca
101 0 _afre
102 _aRU
105 _ay z |||||
200 1 _aЭпизоды из Франко-прусской войны
_fОбработка, коммент. и словарь Н. Кадишевой
210 _aМосква
_cИзд-во литературы на иностр. яз.
_d1945
215 _a32 с.
_d20 см
225 1 _aSérie littéraire
_v50. 2nd
300 _aБез тит. л. Описано по обл.
300 _aНа обл.: Alphonse Daudet. Contes du Lundi
300 _aТекст на франц. яз.
700 1 _aДодэ
_bА.
_f1840-1897
_gАльфонс
702 1 _aКадишева
_bН.
_4212
801 0 _aRU
_bNLR
_gpsbo
801 1 _aRU
_bELAR
_2rusmarc
852 _aNLR
_jЯ30 Г-4/31
942 _cBOOK
945 _aРоссийская национальная библиотека
980 _aNB
980 _aBV